Investiční společnosti a investiční fondy

Enregistré dans:
Détails bibliographiques
Auteur principal: Dědič, Jan
Format: Livre
Langue:tchèque
Publié: Praha Prospektrum 1992
Édition:1. vyd.
Sujets:
Tags: Ajouter un tag
Pas de tags, Soyez le premier à ajouter un tag!

MARC

LEADER 00000nam a2200000 4500
001 c001907
005 20221214091801.1
020 |a 80-85431-52-1 
041 0 |a cze 
044 |a CZ 
245 1 0 |a Investiční společnosti a investiční fondy  |c Jan Dědič 
250 |a 1. vyd. 
264 1 |a Praha  |b Prospektrum  |c 1992 
300 |a 127 s.  |e príl. 
610 2 0 |a fondy investičné 
610 2 0 |a investície 
610 2 0 |a riziko 
610 2 0 |a podnikanie 
610 2 0 |a zamestnanci 
610 2 0 |a organizácia 
610 2 0 |a predpisy právne 
610 2 0 |a spoločnosti investičné 
100 1 |a Dědič, Jan